| 000 | 01170nam a2200241Ia 4500 | ||
|---|---|---|---|
| 003 | OSt | ||
| 005 | 20250711125422.0 | ||
| 008 | 191128u2000 ck gr 000 f spa d | ||
| 020 | _a958041033X | ||
| 040 |
_aCO-JMCR _cCO-JMCR |
||
| 041 | _aspa | ||
| 082 | 0 | 4 |
_aN _bBEAf |
| 100 | 1 |
_aBeaude, Pierre - Marie, _e1941 _qautor _96345 |
|
| 245 | 1 | 0 |
_aFlora, la deconocida del espacio / _cPierre - Marie Beaude ; traducción de Magdalena Holguín |
| 260 |
_aBogotá : _bNorma, _c©2000 |
||
| 300 |
_a139 páginas ; _c19 cm. |
||
| 490 | 0 | _aTorre de papel amarillo | |
| 500 | _aIncluye datos biográficos del autor. Incluye tabla de contenido. | ||
| 505 | _aEmbarque hacia Uma -- Una extraña llamada -- Cita en Aster 3020 -- Las abejas de oro -- El accidente -- El invierno astral -- El secreto de la flora -- El ataque de Cortes -- Regreso a Uma. | ||
| 520 | _aUna mañana del año 2010, Jonathan Silésius se va de vacaciones al espacio. Su único compañero de viaje, a bordo de su nave personal, es un computador bastante conversador. Una extraña llamada por radio, una cita misteriosa en un asteroide, y Jonathan se v | ||
| 650 | 0 | 4 |
_aNovela _96346 |
| 942 |
_2ddc _cBK |
||
| 999 |
_c3377 _d3377 |
||